|
|
|
|
| LEADER |
00000nab a2200000 a 4500 |
| 001 |
vtls011727384 |
| 003 |
SK-MaSNL |
| 005 |
20260305032054.0 |
| 008 |
171214 2017 xo q 000 0 slo |
| 038 |
|
|
|a PPPK
|
| 040 |
|
|
|a PPPKCL
|b slo
|c PPPK
|e AACR2
|
| 041 |
0 |
|
|a slo
|
| 044 |
|
|
|a xo
|c SK
|
| 080 |
|
|
|a 336.56
|2 2011
|
| 080 |
|
|
|a 352.9
|2 2011
|
| 080 |
|
|
|a 347.453.3
|2 2011
|
| 245 |
0 |
0 |
|a Zo zasadnutia mestského zastupiteľstva
|
| 500 |
|
|
|a Autor článku nie je uvedený.
|
| 610 |
1 |
7 |
|a Spišská Belá (Slovensko).
|b Mestské zastupiteľstvo
|2 pppkcl
|9 178950
|
| 610 |
2 |
7 |
|a Cesta okolo Tatier (projekt)
|2 pppkcl
|9 1198270
|
| 648 |
|
7 |
|a 16.11.2017
|2 pppkcl
|9 1088891
|
| 650 |
0 |
7 |
|a rozpočet mesta
|y 2017
|z Spišská Belá (Slovensko)
|2 pppkcl
|9 1610036
|
| 650 |
0 |
7 |
|a dotácie
|2 pppkcl
|9 2132
|
| 650 |
0 |
7 |
|a prenájom
|2 pppkcl
|9 2668
|
| 651 |
|
7 |
|a Spišská Belá (Slovensko)
|2 pppkcl
|9 16198
|
| 651 |
|
7 |
|a Kežmarok (Slovensko : okres)
|2 pppkcl
|9 51824
|
| 773 |
0 |
|
|t Spišskobeliansky spravodaj
|g Roč. 15, č. 11 (2017), s. 3-4
|x 1339-1534
|
| 852 |
|
|
|a PPPK
|b KIS3GCP
|
| 999 |
|
|
|c 3318613
|d 3320543
|